Central Library OPAC University of Rajshahi

The origins of British sociology, 1834-1914 : (Record no. 33228)

MARC details
000 -LEADER
fixed length control field 00788nam a2200253 4500
001 - CONTROL NUMBER
control field 33228
003 - CONTROL NUMBER IDENTIFIER
rucl marc code BD-RjUL
005 - DATE AND TIME OF LATEST TRANSACTION
control field 20211209051953.0
008 - FIXED-LENGTH DATA ELEMENTS--GENERAL INFORMATION
fixed length control field 140430s1968 ilu b 001 0 eng
035 ## - SYSTEM CONTROL NUMBER
System control number (BD-RjUL)33319
040 ## - CATALOGING SOURCE
Original cataloging agency DLC
Transcribing agency DLC
Modifying agency BD-RjUL
Language of cataloging eng
041 ## - LANGUAGE CODE
Language code of text/sound track or separate title eng
082 00 - DEWEY DECIMAL CLASSIFICATION NUMBER
Classification number 301.0942
Author mark and year ABO 1968
100 1# - MAIN ENTRY--PERSONAL NAME
Personal name Abrams, Philip.
9 (RLIN) 100909
245 14 - TITLE STATEMENT
Title The origins of British sociology, 1834-1914 :
Remainder of title an essay with selected papers /
Statement of responsibility, etc. Philip Abrams
260 ## - PUBLICATION, DISTRIBUTION, ETC. (IMPRINT)
Place of publication, distribution, etc. Chicago :
Name of publisher, distributor, etc. University of Chicago Press,
Date of publication, distribution, etc. 1968.
300 ## - PHYSICAL DESCRIPTION
Pagination x, 304 p. ;
Size 21 cm.
490 0# - SERIES STATEMENT
Series statement The heritage of sociology
504 ## - BIBLIOGRAPHY, ETC. NOTE
Bibliography, etc Includes Bibliography: p. 297-304 and index.
650 #0 - SUBJECT ADDED ENTRY--TOPICAL TERM
Topical term or geographic name as entry element Sociology
Geographic subdivision Great Britain
General subdivision History.
9 (RLIN) 6853
942 ## - ADDED ENTRY ELEMENTS (KOHA)
Source of classification or shelving scheme Dewey Decimal Classification
Koha item type Books
Holdings
Lost status Source of classification or shelving scheme Damaged status Not for loan Collection code Permanent Location Current Location Shelving location Date acquired Source of acquisition Cost, normal purchase price Total Checkouts Full call number Date last seen Copy number Koha item type
  Dewey Decimal Classification     Non-fiction Central Library, University of Rajshahi Central Library, University of Rajshahi   24/09/1970 sweets and zethinger 113.00   301.0942 ABO 1968 30/04/2014 C-4 Books
  Dewey Decimal Classification     Non-fiction Central Library, University of Rajshahi Central Library, University of Rajshahi   30/08/1970 Zitlinger 97.00   301.0942 ABO 1968 30/04/2014 C-3 Books
  Dewey Decimal Classification     Non-fiction Central Library, University of Rajshahi Central Library, University of Rajshahi   31/08/1970 Zeitlinger 97.00   301.0942 ABO 1968 30/07/2016 C-5 Books
  Dewey Decimal Classification     Non-fiction Central Library, University of Rajshahi Central Library, University of Rajshahi   31/08/1970 Zeitlinger 97.00   301.0942 ABO 1968 30/07/2016 C-6 Books